| 000 | 03204cam a22006614i 4500 | ||
|---|---|---|---|
| 001 | a5241036 | ||
| 003 | PE-LiUPU | ||
| 005 | 20250731165616.0 | ||
| 005 | 20120913 | ||
| 008 | 120724s2012 sp rb 000 0 spa | ||
| 020 | _a9788484693130 | ||
| 035 | _a(Sirsi) i9788484693130 | ||
| 035 | _a(Sirsi) i9788484693130 | ||
| 035 | _a(OCoLC)824823035 | ||
| 040 |
_aPE-LiUPU _bspa _cPE-LiUPU _erda |
||
| 049 | _aPRUA | ||
| 082 | 0 | 4 |
_a001.42 _bM41 |
| 100 | 1 |
_aMelendo, Tomás _d1951-, _eautor. |
|
| 245 | 1 | 0 |
_aCómo elegir, madurar y confeccionar un trabajo de investigación : _bPara triunfar en "Bolonia" / _cTomás Melendo Granados ; colaboradores, Rafael T. Caldera, Irene Melendo Millán, Jimena Leizaola. |
| 250 | _aPrimera edición. | ||
| 264 | 1 |
_aMadrid : _bEdiciones Internacionales Universitarias ; _c2012. |
|
| 300 |
_a258 páginas ; _c24 centímetros + _e2 CD-ROM |
||
| 336 |
_atext _btxt _2rdacontent |
||
| 337 |
_aunmediated _bn _2rdamedia |
||
| 338 |
_avolume _bnc _2rdacarnier |
||
| 500 | _a"Incluye CD con indicaciones complementarias y plantillas para cada uno de los elementos de trabajo" | ||
| 504 | _aIncluye bibliografía. | ||
| 505 | 0 | _aEl tema y el director. Comenzando la tarea. Los elementos de una tesis. La elaboración. Preparándose para escribir. Redacción y revisiones de lo escrito. La confección. Preparando la confección. Las plantillas. La clave de las claves: | |
| 526 | _aSEG44 | ||
| 526 | _aSEG26 | ||
| 526 | _aP151 | ||
| 526 | _aP150 | ||
| 526 | _aP149 | ||
| 526 | _aP146 | ||
| 526 | _aP145 | ||
| 526 | _aP126 | ||
| 526 | _aP125 | ||
| 526 | _aP92 | ||
| 526 | _aP75 | ||
| 526 | _aP74 | ||
| 526 | _aP27 | ||
| 526 | _aP15 | ||
| 650 | 7 | _aProyectos de investigación. | |
| 700 | 1 |
_aCaldera, Rafael T., _ecolab. |
|
| 700 | 1 |
_aMelendo Millán, Irene, _ecolab. |
|
| 910 |
_agl _d20131210 |
||
| 942 |
_2ddc _cBOOK |
||
| 949 |
_a001.42 M41 _i69546 _lCCODEBUL1 _mBUL _tLIBRO _o.STAFF. Colección General |
||
| 949 |
_a001.42 M41 2012 _wDEWEY _c1 _iFJ02654 _lCCODEBUJ1 _mBUJ _p23.80 _r0 _sY _tBOOK _u2013-12-10 _xFIA _PP27 _o.STAFF -- Colección General Juliaca |
||
| 949 |
_a001.42 M41 2012 _wDEWEY _c2 _iFJ02655 _lCCODEBUJ1 _mBUJ _p23.80 _r0 _sY _tBOOK _u2013-12-10 _xFIA _PP27 _o.STAFF -- Colección General Juliaca |
||
| 596 | _a1 3 | ||
| 999 |
_a001.42 M41 _wDEWEY _c56336 _i69546 _d56336 _e2019-8-4 _f2021-11-4 _g5 _lCCODEBUL1 _mBUL _n7 _p37.00 _q1 _r0 _sY _tBOOK _u2015-7-6 _xBIBLIOTECA _PP35 _0COMPRA _o.STAFF. Colección Teología |
||
| 999 |
_a001.42 M41 _wDEWEY _c2 _i71563 _d2016-8-29 _e2016-8-22 _f2017-2-9 _g3 _lLOST _mBUL _n2 _p31.55 _r1 _sY _tBOOK _u2015-7-3 _xFCE _zUNKNOWN _0COMPRA _o.STAFF. Colección General |
||
| 999 |
_a001.42 M41 2012 _wDEWEY _c1 _iFJ02654 _d2019-12-9 _e2019-6-3 _f2021-12-27 _g4 _lCCODEBUJ1 _mBUJ _n2 _p23.80 _q2 _r0 _sY _tBOOK _u2016-10-6 _xINGENIERIA _PP27 _0COMPRA _o.STAFF. Colección General Juliaca |
||
| 999 |
_a001.42 M41 2012 _wDEWEY _c2 _iFJ02655 _d2017-10-4 _e2017-10-2 _f2021-12-27 _g4 _lCCODEBUJ1 _mBUJ _n1 _p23.80 _r0 _sY _tBOOK _u2016-10-6 _xINGENIERIA _PP27 _0COMPRA _o.STAFF. Colección General Juliaca |
||
| 980 |
_81 _gALBERTO SANCHEZ Responsable de Automatización |
||